000 00773nas a2200241 4500
001 BR8400563
003 BR-BrBNA
005 20231205085753.0
007 ta
008 230509b bl.|||p| |||| 00| 00por d
040 _aBR-BrBNA
_bpor
_cBiblioteca Nacional de Agricultura
041 _a(Pt)
072 _aH10
100 1 _aMartins, A.J.
100 1 _aPedrosa-Macedo, J.H.
245 1 _aSurto de geometrideos desaciculadores em Pinus [pinheiro, lepidoptero, Brasil]
246 1 _aAn outbreak of lepidopterous pests in Pinus [pine, lepidopteron, Brazil]
650 _aPINHEIRO
650 _aLEPIDOPTERO
773 0 _tFloresta (Brazil)
_xISSN 0015-3826
_g(Jun 1983), v. 14(1) p. 64-68
_wBR8400563
909 _a202311
_bLúcia
_c55
_dLúcia Elande
942 _2AGRIS
_n0
_cANA
999 _c113693
_d113693